Największe powiaty w Polsce A-Z - Statystyki

Ogólne statystyki
  • Ten quiz został rozwiązany 152 razy
  • Średni wynik to 17 z 23
Statystyki odpowiedzi
Litera Województwo Powierzchnia km² Powiat % Poprawnych
B podlaskie 2 976,44 białostocki
94%
E warmińsko-mazurskie 1 415,58 elbląski
93%
L lubelskie 1 679,53 lubelski
92%
P wielkopolskie 1 899,88 poznański
91%
A podlaskie 1 659,39 augustowski
90%
K świętokrzyskie 2 246,07 kielecki
87%
O warmińsko-mazurskie 2 838,02 olsztyński
87%
I warmińsko-mazurskie 1 385,22 iławski
85%
C lubelskie 1 885,60 chełmski
83%
Z lubelskie 1 870,29 zamojski
81%
S pomorskie 2 304,24 słupski
78%
H podlaskie 1 623,53 hajnowski
76%
W kujawsko-pomorskie 1 473,63 włocławski
76%
N małopolskie 1 549,80 nowosądecki
73%
J świętokrzyskie 1 256,96 jędrzejowski
69%
Ż lubuskie 1 392,78 żarski
69%
D zachodniopomorskie 1 764,24 drawski
66%
T lubelskie 1 488,89 tomaszowski
64%
M podlaskie 1 381,79 moniecki
62%
Ś kujawsko-pomorskie 1 474,18 świecki
62%
R łódzkie 1 442,57 radomszczański
60%
G zachodniopomorskie 1 869,11 gryfiński
59%
Ł lubelskie 1 394,21 łukowski
50%
Nie znaleziono quizów pasujących do podanych kryteriów
Rozkład punktacji
Procent ludzi z każdym wynikiem
Percentyl według liczby udzielonych odpowiedzi
Twoja historia wyników
Nie rozwiązałeś tego quizu